Orban's Oral Histology & Embryology (Record no. 33149)
[ view plain ]
| 000 -LEADER | |
|---|---|
| fixed length control field | 00326nam a22001337a 4500 |
| 003 - CONTROL NUMBER IDENTIFIER | |
| control field | SGT |
| 082 ## - DEWEY DECIMAL CLASSIFICATION NUMBER | |
| Classification number | 611.018931 |
| Item number | O90B |
| 100 ## - MAIN ENTRY--PERSONAL NAME | |
| Personal name | Bhaskar, S. N. |
| 245 ## - TITLE STATEMENT | |
| Title | Orban's Oral Histology & Embryology |
| 250 ## - EDITION STATEMENT | |
| Edition statement | 10th Ed. |
| 260 ## - PUBLICATION, DISTRIBUTION, ETC. (IMPRINT) | |
| Name of publisher, distributor, etc | C.B.S. Publishers & Distributers Pvt. Ltd. |
| Year of Publication | 1990 |
| 300 ## - PAGE DESCRIPTION | |
| No. of Pages | 477 |
| 942 ## - ADDED ENTRY ELEMENTS (KOHA) | |
| Source of classification or shelving scheme | Dewey Decimal Classification |
| Koha item type | Rare Books |
| Withdrawn status | Lost status | Source of classification or shelving scheme | Damaged status | Use restrictions | Not for loan | Home library | Current library | Date acquired | SGTU | Total Checkouts | Full call number | Accession No. (Barcode) | Date last seen | Bill Date | Koha item type |
|---|---|---|---|---|---|---|---|---|---|---|---|---|---|---|---|
| Dewey Decimal Classification | Restricted Access | Not For Loan | SGT Dental Library | SGT Dental Library | 07/11/2025 | SGTU | 611.018931 O90B | FD10155 | 07/11/2025 | 07/11/2025 | Rare Books |